2024-25 Philadelphia 76ers Roster - Statistics

General Stats
  • This quiz has been taken 32 times
  • The average score is 11 of 15
Answer Stats
# Name % Correct
21 Joel Embiid
100%
0 Tyrese Maxey
100%
8 Paul George
96%
20 Jared McCain
88%
9 Kelly Oubre Jr.
84%
5 Andre Drummond
76%
1 KJ Martin
72%
00 Reggie Jackson
72%
16 Caleb Martin
68%
23 Eric Gordon
64%
7 Kyle Lowry
64%
14 Ricky Council IV
64%
30 Adem Bona
60%
28 Guerschon Yabusele
60%
11 Jeff Dowtin Jr.
48%
No matching quizzes found
Score Distribution
Percent of People with Each Score
Percentile by Number Answered
Your Score History
You have not taken this quiz